| 000 | 01287nam a2200289Ia 4500 | ||
|---|---|---|---|
| 999 |
_c54287 _d54287 |
||
| 001 | 21343 | ||
| 003 | GE_BSU | ||
| 005 | 20210911152937.0 | ||
| 008 | 181216s2017||||ru |||||||||||||| ||rus|| | ||
| 020 | _a9785406055687 | ||
| 040 | _cGE_BSU | ||
| 041 | _arus | ||
| 080 | _a327(075.8) М-43 | ||
| 245 |
_aМеждународные отношения : теории, конфликты, движения, организации : _bУч-к для высш. учебн. завед. / _cП. А. Цыганкова, Л. О. Терновая, Лебедева А. В. и др. ; Под ред .П. А. Цыганкова и Л.О. Терновой. |
||
| 250 | _a4-е издание перераб. и дополн. | ||
| 264 |
_aМосква : _bКнорус, _c2017. |
||
| 300 |
_a341 стр. ; _c22 см. |
||
| 440 |
_aБакалавриат _912412 |
||
| 541 | _h96 Л. | ||
| 653 | _aМеждународные отношения: теории, конфликты, движения, организации. | ||
| 653 | _aПолитика | ||
| 653 | _aპოლიტიკა | ||
| 700 |
_aЦыганкова, П.А. _cАвтор _912454 |
||
| 700 |
_aТерновая Л. О. _cАвтор _912455 |
||
| 700 |
_aЛебедева А. В. _cАвтор _912456 |
||
| 942 |
_cBK _2udc |
||